01200 a2200169 45000010006000000050017000060080041000230030015000640400040000790800090001192450062002092640035002713000019003065050673003250410008009981000024010064018020260407155656.0260407a1970 arg spa dAR-UNSa-BCEJYS aAR-UNSa-BCEJYSbspacAR-UNSa-BCEJYS a930xCiencia de la historia. Ciencias auxiliares de la historia (Historiografía...)10aLos historiadores progresistaspTurner, Beard, Parrington 1aBuenos Aires :bPaidósc1970 a446 p.c23 cm. aParte I: Los antecedentes : 1. La historiografía antes de Turner - Parte II: Federick Jackson Turner : 2. Turner y la rebelión del oeste - 3. La frontera, la sección y el pasado utilizable - 4. La frontera como explicación - Parte III: Charles A. Beard : 5. Beard y el espiritu progresista - 6. La constitución como documento docuemnto económico - 7. La constitución y el pensamiento político - 8. Reconsideraciones - 9. La teoría demoníaca de Franklín D. Roosevelt - Parte IV: V.L. Parrington : 10. Economía y crítica - 11. Crítica y pensamiento político - Parte V: Las consecuencias: 12.Conflicto y consenso en la historia norteamerica. aspa1 aHofstadter, Richard